La metamorfosis
שמור ב:
| מחבר ראשי: | |
|---|---|
| פורמט: | ספר |
| שפה: | ספרדית |
| יצא לאור: |
Santiago
Occidente
1990
|
| מהדורה: | 1a. ed |
| סדרה: | Best Sellers de la Colección Universal
|
| נושאים: | |
| תגים: |
הוספת תג
אין תגיות, היה/י הראשונ/ה לתייג את הרשומה!
|
MARC
| LEADER | 00000nam a2200000 a 4500 | ||
|---|---|---|---|
| 001 | UCH5425 | ||
| 003 | CL-VaPUC | ||
| 008 | 091014e19900000CL |||||||||||||||||spa|d | ||
| 082 | 0 | 4 | |a 891.8603 |b KAF |2 21 |
| 100 | |a Kafka, Franz |e author |9 266293 | ||
| 245 | 1 | 3 | |a La metamorfosis |
| 250 | |a 1a. ed | ||
| 300 | |a 124 p | ||
| 942 | |c BK | ||
| 945 | |d 20091014 00:00:00 |a lazolas | ||
| 260 | |a Santiago |b Occidente |c 1990 | ||
| 650 | 0 | |a Novelas alemanas |9 265783 | |
| 583 | |a last modification |c 20091014 00:00:00 |k Rodrigo Vera | ||
| 490 | 0 | |a Best Sellers de la Colección Universal | |
| 999 | |c 336565 |d 336563 | ||